000 00608nam a22001697a 4500
999 _c15997
_d15997
008 210204b ||||| |||| 00| 0 eng d
020 _a9710613316
082 _21990
_aDFil 372.43
_bV71
100 _aVillamin, Araceli M.
_942586
245 _aRemedial reading:
_ba handbook for teachers and students/
_cAraceli M. Villamin and Chita R. Villamin
260 _aQuezon City:
_bPhoenix Pub. House,
_cc1990.
300 _aiii, 113 pages;
_c25 cm.
500 _aIncludes bibliographical references.
650 _aReading -- Remedial teaching.
_942899
700 _aVillamin, Chita R.
_942900
942 _2ddc
_cDFIL